|
|
|
|
| LEADER |
00000nas a2200000 a 4500 |
| 001 |
ssj0001454333 |
| 003 |
WaSeSS |
| 005 |
20200512172242.0 |
| 006 |
m d |
| 007 |
cr n |
| 008 |
950315c19949999nyu x p s 0 0eng c |
| 010 |
|
|
|a 95658560
|z sn 95043340
|
| 016 |
7 |
|
|a 009569605
|2 Uk
|
| 030 |
|
|
|a JOIREM
|
| 035 |
|
|
|a (WaSeSS)ssj0001454333
|
| 040 |
|
|
|a EYM
|b eng
|c EYM
|d WAU
|d DLC
|d CAS
|d DLC
|d OCLCQ
|d UKMGB
|d OCLCQ
|d OCLCF
|d OCLCO
|d GILDS
|d OCLCO
|d WaSeSS
|
| 042 |
|
|
|a pcc
|
| 050 |
0 |
0 |
|a QC350
|b .O543
|
| 082 |
0 |
0 |
|a 535/.05
|2 20
|
| 245 |
0 |
0 |
|a Journal of optics research
|h [electronic resource].
|
| 260 |
|
|
|a Commack, N.Y. :
|b Nova Science Publishers,
|c c1994-
|
| 310 |
|
|
|a Irregular,
|b <Vol. 6, no. 1->
|
| 321 |
|
|
|a Quarterly,
|b Vol. 2, no. 1/2-
|
| 362 |
0 |
|
|a Vol. 2, no. 1/2-
|
| 500 |
|
|
|a Title from cover.
|
| 506 |
|
|
|a License restrictions may limit access.
|
| 515 |
|
|
|a Some issues published in combined form.
|
| 588 |
|
|
|a Latest issue consulted: Vol. 2, no. 3/4, published in 1994.
|
| 650 |
|
0 |
|a Optics
|v Periodicals.
|
| 650 |
|
7 |
|a Optics.
|2 fast
|0 (OCoLC)fst01046845
|
| 655 |
|
0 |
|a Electronic journals.
|
| 780 |
0 |
0 |
|t Optical & acoustical review
|x 1050-3315
|w (DLC) 90650077
|w (OCoLC)21464768
|
| 850 |
|
|
|a DLC
|a WaU
|
| 856 |
4 |
0 |
|z Full text available from Research Library: 01/01/2011 to 07/31/2014
|u https://search.proquest.com/publication/2034831
|